00751nam a22001575i 4500001000700000003000900007005001700016008004100033040001800074100002900092245011600121260007800237300002100315500007800336852017900414161000ES-MaACL20250823063120.0010831s1850 sp |||| | spa d aAR bspa cAR1 aOlona, Luis, d1823-186310aPipo o El príncipe de Monte-Cresta b: drama cómico en dos actos /carreglado del francés por Luis Olona. aMadrid : b[Círculo Literario comercial], c1850 (fImp. de S. Omaña) a49 p. ; c19 cm. aEn port.: Representada en el Teatro del Drama el 24 de diciembre de 1850. aES-MaACLjF-8615(3) z-- Enc. pasta española q-- Falto de la cub. originalzEnc. en un vol. facticio formando parte de la col. facticia "Teatro español moderno", vol. 70